Así­ pensaba Bolí­var: Las mejores frases del Libertador presentadas por temas (Record no. 5700)

MARC details
000 -LEADER
campo de control de longitud fija 00487nam a2200145Ia 4500
008 - DATOS DE LONGITUD FIJA--INFORMACIÓN GENERAL
campo de control de longitud fija 231129s2000||||xx |||||||||||||| ||spa||
020 ## - NÚMERO INTERNACIONAL ESTÁNDAR DEL LIBRO
Número Internacional Estándar del Libro 958-614-870-X
040 ## - FUENTE DE CATALOGACIÓN
Lengua de catalogación spa
082 ## - NÚMERO DE LA CLASIFICACIÓN DECIMAL DEWEY
Número de clasificación (EN PROCESO DE DESCARTE) V868 A719a
100 ## - ENTRADA PRINCIPAL--NOMBRE DE PERSONA
Nombre de persona Arizmendi Posada Octavio
245 #0 - MENCIÓN DEL TÍTULO
Título Así­ pensaba Bolí­var: Las mejores frases del Libertador presentadas por temas
260 ## - PUBLICACIÓN, DISTRIBUCIÓN, ETC.
Fecha de publicación, distribución, etc. 2000
264 ## - PRODUCCIÓN, PUBLICACIÓN, DISTRIBUCIÓN, FABRICACIÓN Y COPYRIGHT
Producción, publicación, distribución, fabricación y copyright Santafé de Bogotá Colombia: Planeta
942 ## - ELEMENTOS DE ENTRADA SECUNDARIOS (KOHA)
Fuente del sistema de clasificación o colocación Clasificación Decimal Dewey
Tipo de ítem Koha
Holdings
Estatus retirado Estado de pérdida Fuente del sistema de clasificación o colocación Estado de daño No para préstamo Biblioteca de origen Biblioteca actual Fecha de adquisición Total de préstamos Signatura topográfica completa Código de barras Visto por última vez Copia número Precio de reemplazo Tipo de ítem Koha
    Clasificación Decimal Dewey     BIBLIOTECA PÚBLICA MUNICIPAL RAMON CORREA MEJIA BIBLIOTECA PÚBLICA MUNICIPAL RAMON CORREA MEJIA 13/12/2011   (EN PROCESO DE DESCARTE) V868 A719a 32092 29/11/2023 1 29/11/2023 Libros

Powered by Koha